| 000 | 01027nam0a2200325 4500 | ||
|---|---|---|---|
| 001 | RU\NLR\BIBL_A\012052324 | ||
| 005 | 20240109152049.0 | ||
| 010 |
_a978-5-04-098994-2 _95000 |
||
| 021 |
_aRU _bКН-П-22-035565 _9КН-П-22-3047 |
||
| 021 |
_aRU _bКН-П-19-042229 _9КН-П-19-3097 |
||
| 035 | _a(NLR Aleph) 012052324 | ||
| 035 | _a(RuMoRGB)010005714 | ||
| 090 |
_a11657606 _c11657606 |
||
| 100 | _a20190704d2019 d y0rusy50 ca | ||
| 101 | 0 | _arus | |
| 102 | _aRU | ||
| 105 | _aa z 000ay | ||
| 200 | 1 |
_aКрипер у порога _fАлекс Гит |
|
| 210 |
_aМосква _cБомбора _cЭксмо _d2019 |
||
| 215 |
_a94, [1] с. _cил. _d22 |
||
| 225 | 1 |
_aПутешествие в "Майнкрафт" _vкн. 1 |
|
| 333 | _a12+ | ||
| 686 | 0 | _aШ9(2)62=Р7-4 | |
| 700 | 1 |
_aГит _bА. _gАлекс _3RU\NLR\AUTH\770263522 |
|
| 942 | _cBOOK | ||
| 980 | _aNBR | ||
| 980 | _aNB | ||